000 01092nam a22002897a 4500
001 5586
003 FISKH
005 20241219102241.0
008 241219b cb ||||| |||| 00| 0 eng d
020 _a9780531220023
040 _aFISKH
_beng
_cFISKH
_dFISKH
050 _aDS779.P67
082 _a951.05
100 _aScholastic Inc.
245 _aPopulation 1.3 billion :
_bChina becomes a super superpower /
_cScholastic Inc.
260 _aNew York :
_bScholastic ;
_c2009.
300 _a64 pages :
_bcolor illustrations, maps ;
_c24 cm .
490 _a24/7: Behind the headlines special editions
505 _aZ
520 _aChina's leader, Deng Xiaoping transformed his struggling nation into a struggling superpower. Today, young people in China can buy things their parents never had as kids, and their parents can own homes, buy cars, and run their own businesses
521 8 _a910
_bLexile
521 8 _aZ
_bRaz-Plus
650 _aChina-History-2002
_vJuvenile literature
700 _aHerring, Red
_eBook designer
942 _2ddc
_cBK
_n0
999 _c5586
_d5586